| 000 | 00472nam a2200145 a 4500 | ||
|---|---|---|---|
| 001 | 3954 | ||
| 003 | CDMR | ||
| 005 | 20130116135250.0 | ||
| 008 | 130130s1992||||||||||||||||||||||||||||d | ||
| 040 |
_aCDMR _bcat _cCPC GIRONA |
||
| 245 | 0 |
_aAnnals del periodisme català _bEl “Brusi”, una perspectiva de dos segles (número 21) |
|
| 260 |
_c1992 _bCol·legi de Periodistes de Catalunya |
||
| 490 | 0 |
_aAnnals del Periodisme Català _v21 (juliol-desembre 1992) _92705 |
|
| 942 | _cMON | ||
| 999 |
_c3954 _d3954 |
||